Imagen, video y educación / (Record no. 90279)

MARC details
000 -CABECERA
campo de control de longitud fija 00735nam a2200241 a 4500
005 - FECHA Y HORA DE LA ÚLTIMA TRANSACCIÓN
campo de control 20250924063855.0
008 - ELEMENTOS DE LONGITUD FIJA--INFORMACIÓN GENERAL
campo de control de longitud fija 020617s1989 mx r 000 0 spa d
020 ## - NÚMERO INTERNACIONAL NORMALIZADO PARA LIBROS
Número Internacional Estándar del Libro 9681631773
035 ## - NÚMERO DE CONTROL DEL SISTEMA
Número de control de sistema UPN01000117858
049 ## - COLECCIÓN
Colección CG
050 #4 - SIGNATURA TOPOGRÁFICA DE LA BIBLIOTECA DEL CONGRESO
Número de clasificación LB1042.7
Número de documento/Ítem A6.4 1989
100 1# - ASIENTO PRINCIPAL--NOMBRE PERSONAL
Nombre de persona Aparici, Roberto
9 (RLIN) 28734
245 10 - MENCIÓN DE TÍTULO
Título Imagen, video y educación /
Mención de responsabilidad, etc. Roberto Aparici, Agustín García Matilla.
250 ## - MENCIÓN DE EDICIÓN
Mención de edición 2a ed.
260 ## - PUBLICACIÓN, DISTRIBUCIÓN, ETC.
Lugar de publicación, distribución, etc. México :
Nombre del editor, distribuidor, etc. FCE,
Fecha de publicación, distribución, etc. 1989.
300 ## - DESCRIPCIÓN FÍSICA
Extensión 151 p. :
Otras características físicas il.
440 #0 - MENCIÓN DE SERIE/ASIENTO SECUNDARIO--TÍTULO
Título Sección de obras de educación
650 #4 - ASIENTO SECUNDARIO DE MATERIA - TERMINO TEMATICO
Término de materia o nombre geográfico como elemento de entrada Enseñanza audiovisual
9 (RLIN) 13757
650 #4 - ASIENTO SECUNDARIO DE MATERIA - TERMINO TEMATICO
Término de materia o nombre geográfico como elemento de entrada Medios didácticos
9 (RLIN) 20230
650 #4 - ASIENTO SECUNDARIO DE MATERIA - TERMINO TEMATICO
Término de materia o nombre geográfico como elemento de entrada Materiales audiovisuales
9 (RLIN) 10943
700 1# - ASIENTO SECUNDARIO--NOMBRE DE PERSONAL
Nombre de persona García Matilla, Agustín,
Término indicativo de función/relación coaut.
9 (RLIN) 33699
905 ## - TIPO DE MATERIAL
Tipo de material Libro
Holdings
Estado de retiro Estado de pérdida Fuente del sistema de clasificación o colocación Estado dañado No para préstamo Código de colección Localización permanente Ubicación/localización actual Ubicación en estantería Total de préstamos Clasificación Código de barras Fecha visto por última vez Número de copia Tipo de ítem Koha
    Library of Congress Classification     Colección General Bib. Gregorio Torres Quintero Bib. Gregorio Torres Quintero Planta baja 44 LB1042.7 A6.4 1989 195448 31/12/2020 1 Libro